000 00445nam a2200193Ia 4500
003 OSt
005 20251121155053.0
008 250729s1905 xx 000 0 und d
020 _a ‎ 978-1371507978
040 _cAL
041 _aeng
082 _a370.71 FITL
100 _aFitch Joshua
_9224699
245 _aLecturers on teaching
260 _aCambridge
_c1905
300 _a436p
650 _aEducation
_9224700
942 _2ddc
_cBED
999 _c236542
_d236542